000 00664nam a2200217Ia 4500
001 20561
003 DO-CoUTE
005 20260204212600.0
008 220104s9999 dr 000 0 spa d
040 _aDO-CoUTE
_bspa
_cDO-CoUTE
041 0 _aspa
082 _a808.066 L951c
100 1 _aLugo González, Armando
245 1 0 _aComprensión y producción de textos cientificos / Armando Lugo González
260 _aBogotá, Colombia : Universidad distrital Francisco José de Celdas
300 _a125 páginas
650 4 _aRedacción de escritos técnicos
942 _2ddc
_cBK
999 _c20820
_d20820